000 01237cam a22003617a 4500
003 CHAP
005 20220817043426.0
008 980318 1990 mx r 00010 spa d
010 _a75048
011 _a76020
035 _a85597
040 _cCHAP
090 _aFolleto 14978
100 0 0 _aJácome Maldonado, Sergio M.
_961712
245 1 0 _aRastra de acción simple para tracción animal
_c/por Sergio M. Jacome Maldonado y Santos G. Campos Magaña
260 _aVeracruz, Ver. :
_bCampo Experimental Cotaxtla,
_c1990.
300 _aHoja desplegable
410 1 _aINIFAP. Campo Experimental Cotaxtla
490 0 _aDesplegable para productores
_v; 5
590 _aBATCH-UPD
_b10
_c20130110
_lUCH01
_h0710
590 _aBATCH-UPD
_b10
_c20130111
_lUCH01
_h0002
590 _aBATCH-UPD
_b10
_c20130410
_lUCH01
_h0356
590 _aBATCH-UPD
_b10
_c20130914
_lUCH01
_h1307
590 _aCONVERSION
_b10
_c20130109
_lUCH01
_h1341
650 1 4 _aArados.
_96417
650 1 4 _aEnergía animal.
_936889
810 0 0 _aINIFAP. Campo Experimental Cotaxtla
_958653
830 0 _aDesplegable para productores
_v; 5
901 _aBK
905 _aAlejandra Carrasco M.
942 _cFOLL
949 _aFolleto 14978
_bBC
_cFOLL
_d855971
_eTS1
_i85597
_sb
999 _c75048
_d75048